| 000 | 00411nam a22001217a 4500 | ||
|---|---|---|---|
| 999 |
_c580 _d580 |
||
| 005 | 20200815144048.0 | ||
| 008 | 200815b ||||| |||| 00| 0 eng d | ||
| 020 | _a0333397630 | ||
| 040 | _cCML | ||
| 245 |
_aThe Future of Africa and the New International Economic Order. _cOnwuka, R.I. & Aluko, O. |
||
| 260 |
_aLondon _bMacmillan Publishers Ltd _c1986 |
||
| 942 |
_2ddc _cBK _e1st Edition _h330.96 _mONW |
||